| 000 | 00427nam a2200181Ia 4500 | ||
|---|---|---|---|
| 001 | 19380 | ||
| 005 | 20260306172649.0 | ||
| 008 | 260306t2009||||xx |||||||||||||| ||spa|| | ||
| 041 | _aESP | ||
| 082 |
_a658.848 _bK34A |
||
| 100 |
_aKeegan, Warren J. _eAUT |
||
| 245 | 0 | _aMarketing internacional | |
| 260 | _c2009 | ||
| 300 |
_axxiv, 644 páginas : _c27 cm. |
||
| 650 | _aGEN | ||
| 654 | _aCAN | ||
| 942 |
_cLIB _dJUS _fJUS _2ddc _n |
||
| 999 |
_c19380 _d19380 |
||